| 000 | 00741nam a22002417a 4500 | ||
|---|---|---|---|
| 008 | 231106s2011 xxk|||||r|||| 00| 0 eng d | ||
| 020 | _a9780956088796 | ||
| 041 | _aeng | ||
| 110 | _aRoyal Institution of Chartered Surveyors | ||
| 245 |
_aNew demands; old countryside _breport number 6 |
||
| 260 |
_aCirencester, _bRoyal Agricultural College _c2011 |
||
| 300 | _a69p. | ||
| 500 | _aSponsored by RICS. 100 Club Annual Fellowship in Rural Land Management | ||
| 650 | _aBIODIVERSITY | ||
| 650 | _aRURAL | ||
| 650 | _aLAND MANAGEMENT | ||
| 651 | _aUnited Kingdom | ||
| 690 |
_96268 _aRural |
||
| 700 | _aYorke, Rob | ||
| 710 | _aRoyal Institution of Chartered Surveyors | ||
| 710 | _aRoyal Agricultural College | ||
| 942 | _n0 | ||
| 999 |
_c121699 _d121699 |
||